SUN YAT-SEN, ស៊ុន យ៉ាតសេន, បិតានៃប្រទេសចិន អ្នកដែលរៀបចំមូលដ្ឋានគ្រឺះនយោបាយនៃកាគ្រប់គ្រងទុកបានយ៉ាងល្អនិងជាអ្នកបដិវត្តផ្លាស់ប្ដូរចិនឆ្ពោះទៅរកភាពអស្ចារ្យ (Record no. 25665)

000 -LEADER
fixed length control field 00717nam a22001217a 4500
040 ## - CATALOGING SOURCE
Transcribing agency RUA
082 ## - DEWEY DECIMAL CLASSIFICATION NUMBER
Classification number A267 រស់ 2019 C160 Or.1
100 ## - MAIN ENTRY--AUTHOR NAME
Personal name រស់ សុខលៀង,
245 ## - TITLE STATEMENT
Title SUN YAT-SEN, ស៊ុន យ៉ាតសេន, បិតានៃប្រទេសចិន អ្នកដែលរៀបចំមូលដ្ឋានគ្រឺះនយោបាយនៃកាគ្រប់គ្រងទុកបានយ៉ាងល្អនិងជាអ្នកបដិវត្តផ្លាស់ប្ដូរចិនឆ្ពោះទៅរកភាពអស្ចារ្យ
260 ## - PUBLICATION, DISTRIBUTION, ETC. (IMPRINT)
Place of publication PHNOM PENH
Name of publisher RUA
Year of publication 2019
300 ## - PHYSICAL DESCRIPTION
Number of Pages 126p.
Other physical details ill.
Dimensions 22cm.
942 ## - ADDED ENTRY ELEMENTS (KOHA)
Koha item type អភិវឌ្ឍន៍សម្ថភាព
952 ## - LOCATION AND ITEM INFORMATION (KOHA)
Withdrawn status [LOCAL, KOHA] 0
Holdings
Permanent Location Date acquired Koha item type Lost status Shelving location Barcode Current Location Full call number
Library Block C2026-04-06អភិវឌ្ឍន៍សម្ថភាព C160B7121182Library Block CA267 រស់ 2019 C160 Or.1
មជ្ឈមណ្ឌលឯការនៃសាកលវិទ្យាល័យភូមិន្ទកសិកម្មចំការដូង

Powered by Koha